LEADER 01510nam--2200397---450 001 990001113760203316 005 20180312154826.0 010 $a3-540-43724-X 035 $a000111376 035 $aUSA01000111376 035 $a(ALEPH)000111376USA01 035 $a000111376 100 $a20021210d2002----km-y0ITAy0103-------ba 101 0 $aENG 102 $aDE 200 1 $aAdvances in artificial intelligence$e15th Conference of the Canadian Society for computational studies of intelligence, AI 2002$eCalgary, Canada, May 27-29, 2002$eproceedings$fRobin Cohen... (eds.) 210 $aBerlin [etc.]$cSpringer-Verlag$dcopyr. 2002 215 $aX, 196 p.$cill.$d20 cm 225 $aLecture notes in artificial intelligence$v2338 300 $aSerie principale: Lecture notes in computer science 410 $12001$aLecture notes in artificial intelligence$v2338 610 1 $aIntelligenza artificiale$aCongressi$a2002 676 $a006.3 702 1$aCohen,$bRobin 710 12$aCanadian society for computational studies of intelligence$0554434 801 0$aITA$bCBS$gISBD 912 $a990001113760203316 951 $a006.3 LNIA (2338)(A)$b0026815 CBS$c006.3$d00112101 959 $aBK 969 $aSCI 979 $aDIGIUSEPPE$b90$c20021210$lUSA01$h1430 979 $aDIGIUSEPPE$b90$c20030317$lUSA01$h1503 979 $aPATRY$b90$c20040406$lUSA01$h1717 979 $aFIORELLA$b90$c20070910$lUSA01$h1338 996 $aAdvances in artificial intelligence$9981314 997 $aUNISA LEADER 01282oam 2200397 450 001 9910794443503321 005 20230927212609.0 010 $a3-8382-7538-1 035 $a(CKB)4100000011771059 035 $a(MiAaPQ)EBC6478729 035 $a(EXLCZ)994100000011771059 100 $a20210629d2021 uy 0 101 0 $aeng 135 $aurcnu|||||||| 181 $ctxt$2rdacontent 182 $cc$2rdamedia 183 $acr$2rdacarrier 200 00$aPost-Soviet secessionism $enation-building and state-failure after communism /$fMikhail Minakov, Gwendolyn Sasse, Daria Isachenko (editors) 210 1$aStuttgart :$cIbidem-Verlag,$d[2021] 210 4$d©2021 215 $a1 online resource (249 pages) 225 1 $aSoviet and post-Soviet politics and society ;$vVolume 226. 300 $aIncludes index. 410 0$aSoviet and post-Soviet politics and society ;$vVolume 266. 607 $aFormer communist countries$xPolitics and government 676 $a320.91717 702 $aMinakov$b Mikhail 702 $aSasse$b Gwendolyn$f1972- 702 $aIsachenko$b Daria 801 0$bMiAaPQ 801 1$bMiAaPQ 801 2$bUtOrBLW 906 $aBOOK 912 $a9910794443503321 996 $aPost-Soviet secessionism$93673445 997 $aUNINA